Skip to content

Стратегия и механизмы устойчивого развития региона Монография

В монографии изложены теоретические и методологические подходы к устойчивому развитию социально-экономических систем. Обоснованы предпосылки формирования стратегии устойчивого развития региона необходимость использования вариативного подхода при ее разработке предложены механизмы реализации стратеги...

Full description

Saved in:
Bibliographic Details
Main Author: Вдовин С. М.
Format: Монография
Edition:1
Series:Научная мысль
Online Access:https://znanium.ru/catalog/document?id=451134
https://znanium.ru/cover/2163/2163999.jpg
Tags: Add Tag
No Tags, Be the first to tag this record!
LEADER 02753nam0a2200337 i 4500
001 RU\infra-m\znanium\bibl\2163999
003 https://znanium.ru/catalog/document?id=451134
005 20240820000000.0
010 |a 978-5-16-016804-3 
010 |a 978-5-16-100989-5  |b электр. издание 
100 |a 20240820d2024 m y0rusy0150 ca 
101 0 |a rus 
102 |a RU 
200 1 |a Стратегия и механизмы устойчивого развития региона  |e Монография  |f Национальный исследовательский Мордовский государственный университет им. Н.П. Огарева 
205 |a 1 
210 1 |a Москва  |c ООО "Научно-издательский центр ИНФРА-М"  |d 2025 
215 |a 154 с. 
225 1 |a Научная мысль 
330 |a В монографии изложены теоретические и методологические подходы к устойчивому развитию социально-экономических систем. Обоснованы предпосылки формирования стратегии устойчивого развития региона необходимость использования вариативного подхода при ее разработке предложены механизмы реализации стратегии. Предназначена для научных педагогических работников аспирантов магистрантов представителей органов государственной власти и широкой общественности. 
333 |a Дополнительное профессиональное образование 
606 |a Экономика. Бухгалтерский учет. Финансы  |x Теория и история экономики  |2 local 
608 |a Монография  |2 local 
675 |a 330(075.4)  |z rus 
686 |a 65.04  |2 rubbk 
686 |a 38.03.01  |2 okso 
686 |a 38.04.01  |2 okso 
686 |a 44.03.01  |2 okso 
700 1 |a Вдовин  |b С. М.  |g Сергей Михайлович  |p Национальный исследовательский Мордовский государственный университет им. Н.П. Огарева 
801 0 |a RU  |b Общество с ограниченной ответственностью «ЗНАНИУМ»  |c 20240710  |2 rusmarc 
856 4 |a znanium.ru  |m ebs_support@infra-m.ru  |n НИЦ ИНФРА-М  |u https://znanium.ru/catalog/document?id=451134 
856 4 1 |a znanium.ru  |d /cover/2163  |f 2163999.jpg  |q image/jpeg  |u https://znanium.ru/cover/2163/2163999.jpg